[Event "Marseille op 2nd "]
[Site "Marseille"]
[Date "2009.12.26"]
[Round "1"]
[White "Gaubil, Olivier"]
[Black "Deligey, Sebastien"]
[Result "1-0"]
[WhiteElo "2102"]
[BlackElo "1597"]
[PlyCount "69"]
[EventDate "2009.12.26"]
[EventType "swiss"]
[EventRounds "9"]
[EventCountry "FRA"]
[SourceTitle "CBM 134 Extra"]
[Source "ChessBase"]
[SourceDate "2010.03.03"]
[SourceVersion "1"]
[SourceVersionDate "2010.03.03"]
[SourceQuality "1"]

1. Nf3 Nf6 2. d4 d5 3. c4 e6 4. g3 c6 5. Bg2 Nbd7 6. 0-0 Bd6 7. Nc3 0-0 8. c5 Bc7 9. Bg5 h6 10. Bf4 Bxf4 11. gxf4 Nh5 12. e3 f5 13. Ne5 Ndf6 14. Bf3 Qe8 15. Kh1 g5 16. Bxh5 Qxh5 17. Qxh5 Nxh5 18. Rg1 g4 19. f3 Kh7 20. fxg4 Nf6 21. g5 hxg5 22. Rxg5 Bd7 23. Rag1 Rg8 24. R1g3 Rxg5 25. fxg5 Nh5 26. Rh3 Be8 27. Ne2 Kg7 28. Nf4 Nxf4 29. exf4 Bg6 30. Rh6 Bf7 31. Nxf7 Kxf7 32. Rh7+ Kg6 33. Re7 Rh8 34. Rxe6+ Kh5 35. h3 1-0